Bývanie a migrácia v SR
Analýza situácie v bývaní a v migrácii obyvateľstva a na základe štatistických postupov overenie, nakoľko oba procesy navzájom súvisia.
Saved in:
| Main Author: | |
|---|---|
| Format: | Book Chapter |
| Language: | Slovak |
| Subjects: | |
| Tags: |
No Tags, Be the first to tag this record!
|
MARC
| LEADER | 00000nla a2200000 4500 | ||
|---|---|---|---|
| 001 | 0226218 | ||
| 005 | 20240502103210.3 | ||
| 041 | 0 | |a slo | |
| 044 | |a SK | ||
| 245 | 1 | 0 | |a Bývanie a migrácia v SR |c Mária Antalová |
| 520 | |a Analýza situácie v bývaní a v migrácii obyvateľstva a na základe štatistických postupov overenie, nakoľko oba procesy navzájom súvisia. | ||
| 610 | 2 | 0 | |a bývanie |
| 610 | 2 | 0 | |a Slovensko |
| 610 | 2 | 0 | |a politika bytová |
| 610 | 2 | 0 | |a migrácia |
| 610 | 2 | 0 | |a fond bytový |
| 100 | 1 | |a Antalová, Mária, 1952- | |